Histoire ancienne de l'Afrique du Nord / (Record no. 75971)

MARC details
000 -LEADER
campo de control de longitud fija 00898nam a2200229 i 4500
001 - NÚMERO DE CONTROL
campo de control 75971
003 - IDENTIFICADOR DE NÚMERO DE CONTROL
campo de control ES-MaACL
005 - FECHA Y HORA DE LA ÚLTIMA TRANSACCIÓN
campo de control 20230906172656.0
007 - CAMPO FIJO DE DESCRIPCIÓN FÍSICA--INFORMACIÓN GENERAL
campo de control de longitud fija t|
008 - DATOS DE LONGITUD FIJA--INFORMACIÓN GENERAL
campo de control de longitud fija 040928m19141918fr ||||1| fre d
080 ## - NÚMERO DE LA CLASIFICACIÓN DECIMAL UNIVERSAL
Número de la Clasificación Decimal Universal 960-17".../04"
100 1# - ENTRADA PRINCIPAL--NOMBRE DE PERSONA
Nombre de persona Gsell, Stephane.
9 (RLIN) 60268
245 10 - MENCIÓN DEL TÍTULO
Título Histoire ancienne de l'Afrique du Nord /
Mención de responsabilidad, etc. Stephane Gsell.
250 ## - MENCION DE EDICION
Mención de edición 2eme. ed. rev.
260 ## - PUBLICACIÓN, DISTRIBUCIÓN, ETC.
Lugar de publicación, distribución, etc. Paris :
Nombre del editor, distribuidor, etc. [s.n.],
Fecha de publicación, distribución, etc. 1914-1918 (
Lugar de fabricación/manufactura Coulommiers :
Fabricante Paul Brodard)
300 ## - DESCRIPCIÓN FÍSICA
Extensión 4 v ;
Dimensiones 24 cm.
505 8# - NOTA DE CONTENIDO CON FORMATO
Nota de contenido con formato Contiene: I. Les conditions du développement historique, les temps primitifs, la colonisation phénicienne et l'empire de Carthage - II. L'Etat carthaginois - III. Histoire militaire de Carthage - IV. La civilisation carthaginoise
650 #4 - PUNTO DE ACCESO ADICIONAL DE MATERIA--TÉRMINO DE MATERIA
Término de materia o nombre geográfico como elemento de entrada Fenicios.
9 (RLIN) 136094
650 #4 - PUNTO DE ACCESO ADICIONAL DE MATERIA--TÉRMINO DE MATERIA
Término de materia o nombre geográfico como elemento de entrada Cartagineses.
9 (RLIN) 10795
651 #4 - PUNTO DE ACCESO ADICIONAL DE MATERIA--NOMBRE GEOGRÁFICO
Nombre geográfico Cartago (Ciudad desaparecida)-
Subdivisión general Historia.
9 (RLIN) 147979
852 ## - LOCALIZACIÓN
Ubicación ES-MaACL
Número de control de estantería C-2120-3
Holdings
Estatus retirado Estado de pérdida Estado de daño No para préstamo Biblioteca de origen Biblioteca actual Ubicación en estantería Fecha de adquisición Fuente de adquisición Total de préstamos Signatura topográfica completa Código de barras Visto por última vez Precio de reemplazo Tipo de ítem Koha
        Biblioteca del Ateneo de Madrid Biblioteca del Ateneo de Madrid Galería 17/01/2008     C-2120-3 1079510 23/02/2023 23/02/2023 Libro impreso